Rozpočtovníctvo študijný text

Saved in:
Bibliographic Details
Main Author: Rajňák, Milan
Other Authors: Kupkovič, Milan
Format: Book
Language:Slovak
Published: Bratislava ÚĎVEM EU 1996
Series:Manažment malého a stredného podnikania
Subjects:
Tags: Add Tag
No Tags, Be the first to tag this record!

MARC

LEADER 00000nam a2200000 4500
001 c102678
005 20240422122250.3
020 |a 80-225-0761-X 
041 0 |a slo 
044 |a SK 
245 1 0 |a Rozpočtovníctvo  |b študijný text  |c Milan Rajňák, Milan Kupkovič 
264 1 |a Bratislava  |b ÚĎVEM EU  |c 1996 
300 |a 103 s. 
490 1 |a Manažment malého a stredného podnikania 
830 0 |a Manažment malého a stredného podnikania 
610 2 0 |a rozpočtovníctvo 
610 2 0 |a rozpočty 
610 2 0 |a výsledok hospodársky 
610 2 0 |a zisk podnikový 
610 2 0 |a technika výpočtová 
100 1 |a Rajňák, Milan 
700 1 |a Kupkovič, Milan